000 00514cam a22002171 4500
001 sa 68001595
003 DLC
005 20260227112435.0
008 890421s1961 ii 000 0 hino
010 _asa 68001595
035 _a(OCoLC)19584261
040 _aDLC
_cWaU
_dDLC
042 _apremarc
050 0 0 _aPK2098.G84
_bA79
100 1 _aGupta, Siyārāmaśaraṇa,
_d1895-1963.
245 1 0 _aAnātha.
260 _c[1961 or 2]
300 _a33 p.
_c18 cm.
500 _aIn Hindi.
500 _aA poem.
999 _c78069
_d78069